01420nam a2200325 i 4500001001000000003000900010005001700019007000300036008004100039020001500080040003000095082002600125100006800151245006400219264004500283300002700328336002700355337003300382338002800415590002700443650004800470650007700518650006100595910003700656942001400693952012500707952012000832952012500952999001701077000012298DO-SdBNP20250423102447.0ta091111s2005 dr 000 0 spa d a9993422657 aDO-SdBNPbspacBNPHUerda 4a362.1969792bE77d2221 aEspinal Sepúlveda, Víctor Julio,d1968-eautor4aut.92895710aYo soy el SIDA :bdiálogo indiscreto /cVíctor Espinal. 1aSanto Domingo :bEl Nuevo Diario,c2005. a72 páginas ;c21 cm. atextobtxt2rdacontent asin mediaciónbn2rdamedia avolumenbnc2rdacarrier aInventariado, 2018/ YL 0aSIDA (Enfermedad)xAspectos sociales952709 4aSíndrome de inmunodeficiencia adquiridaxPrevención y control928959 4aEnfermedades transmisiblesxPrevención y control96992 aValidado. Control de calidad EMS 2ddccLBS1 0010718DSaGRbGRcHDd2009-11-11iLF1l0o362.1969792 E77dp12298-30r2020-06-25te.3w2020-06-25yLFDSZNo se presta 0010718PDaPDbPDcHDd2009-11-11iLF1l0o362.1969792 E77dp12298-10r2020-06-25w2020-06-25yLFPDZNo se presta 0010718PDaPDbPDcHDd2009-11-11iLF1l0o362.1969792 E77dp12298-20r2020-06-25te.2w2020-06-25yLFPDZNo se presta c11955d11955